Cryptography and network security (Record no. 3892)

MARC details
000 -LEADER
fixed length control field 00551cam a2200205ua 4500
008 - FIXED-LENGTH DATA ELEMENTS--GENERAL INFORMATION
fixed length control field 111220n ii |||gr||||Z||||||eng
020 ## - INTERNATIONAL STANDARD BOOK NUMBER
International Standard Book Number 978-0-07-070208-0
040 ## - CATALOGING SOURCE
Transcribing agency MAIN
082 ## - DEWEY DECIMAL CLASSIFICATION NUMBER
Classification number 005.82
100 ## - MAIN ENTRY--PERSONAL NAME
Personal name Forouzan, Behrouz A.,
245 11 - TITLE STATEMENT
Title Cryptography and network security
Statement of responsibility, etc. by Behrouz A. Forouzan
250 ## - EDITION STATEMENT
Edition statement 2nd.
260 ## - PUBLICATION, DISTRIBUTION, ETC.
Place of publication, distribution, etc. New Delhi:
Name of publisher, distributor, etc. Mc Graw Hill,
Date of publication, distribution, etc. 2011.
300 ## - PHYSICAL DESCRIPTION
Extent 702p:
Dimensions 25cm.
700 ## - ADDED ENTRY--PERSONAL NAME
Personal name Mukhopadhyay, Debdeep,
942 ## - ADDED ENTRY ELEMENTS (KOHA)
Koha item type Books
653 ## - INDEX TERM--UNCONTROLLED
Uncontrolled term Computer science
653 ## - INDEX TERM--UNCONTROLLED
Uncontrolled term Cryptography and network security
Holdings
Withdrawn status Lost status Damaged status Not for loan Home library Current library Shelving location Date acquired Total Checkouts Full call number Barcode Date last seen Date last checked out Copy number Price effective from Koha item type
        Central Library, Naharkatiya College Central Library, Naharkatiya College General Stacks 19/09/2020 3 005.82 | FOR 20413 19/09/2022 03/09/2022 1 19/09/2020 Books

Naharkatiya College © 2020. All rights reserved.

Powered By